আরব জাতির ইতিকথা / (Record no. 103944)
[ view plain ]
| 000 -LEADER | |
|---|---|
| fixed length control field | 00744nam a22002057a 4500 |
| 003 - CONTROL NUMBER IDENTIFIER | |
| control field | BD-DhUL |
| 005 - DATE AND TIME OF LATEST TRANSACTION | |
| control field | 20160904151942.0 |
| 008 - FIXED-LENGTH DATA ELEMENTS--GENERAL INFORMATION | |
| fixed length control field | 160904b xxu||||| |||| 00| 0 eng d |
| 020 ## - INTERNATIONAL STANDARD BOOK NUMBER | |
| International Standard Book Number | 9848401709 |
| 040 ## - CATALOGING SOURCE | |
| Original cataloging agency | BD-DhUL |
| Transcribing agency | BD-DhUL |
| 082 #0 - DEWEY DECIMAL CLASSIFICATION NUMBER | |
| Classification number | 953 |
| Item number | HIA |
| 100 1# - MAIN ENTRY--PERSONAL NAME | |
| Personal name | হিট্টি, ফিলিপ কে |
| 245 1# - TITLE STATEMENT | |
| Title | আরব জাতির ইতিকথা / |
| Statement of responsibility, etc. | ফিলিপ কে হিট্টি, ইবরাহিম খাঁ |
| 260 ## - PUBLICATION, DISTRIBUTION, ETC. (IMPRINT) | |
| Place of publication, distribution, etc. | ঢাকা : |
| Name of publisher, distributor, etc. | নবরাগ, |
| Date of publication, distribution, etc. | ২০০৮ । |
| 300 ## - PHYSICAL DESCRIPTION | |
| Extent | ১৫৯ পৃ : |
| Other physical details | চিত্র ; |
| Dimensions | ২৩ সে. মি. |
| 500 ## - GENERAL NOTE | |
| General note | নিঘর্ন্ট সম্বলিত। |
| 650 1# - SUBJECT ADDED ENTRY--TOPICAL TERM | |
| Topical term or geographic name as entry element | আরব জাতি |
| 650 1# - SUBJECT ADDED ENTRY--TOPICAL TERM | |
| Topical term or geographic name as entry element | History |
| 942 ## - ADDED ENTRY ELEMENTS (KOHA) | |
| Source of classification or shelving scheme | |
| Koha item type | Books |
| Price effective from | Date last seen | Permanent Location | Not for loan | Date acquired | Source of classification or shelving scheme | Koha item type | Lost status | Withdrawn status | Copy number | Source of acquisition | Collection code | Damaged status | Shelving location | Barcode | Current Location | Full call number |
|---|---|---|---|---|---|---|---|---|---|---|---|---|---|---|---|---|
| 2016-09-04 | 2016-09-04 | Dhaka University Library | 2016-09-04 | Books | 2 | Purchased | Non Fiction | General Stacks | 471997 | Dhaka University Library | 953 HIA | |||||
| 2016-09-04 | 2016-09-04 | Dhaka University Library | 2016-09-04 | Books | 1 | Purchased | Non Fiction | General Stacks | 471996 | Dhaka University Library | 953 HIA | |||||
| 2016-09-04 | 2016-09-04 | Dhaka University Library | 2016-09-04 | Books | 3 | Purchased | Non Fiction | General Stacks | 471998 | Dhaka University Library | 953 HIA | |||||
| 2016-09-04 | 2016-09-04 | Dhaka University Library | 2016-09-04 | Books | 2 | Purchased | Non Fiction | General Stacks | 409119 | Dhaka University Library | 953 HIA | |||||
| 2016-09-04 | 2016-09-04 | Dhaka University Library | 2016-09-04 | Books | 1 | Purchased | Non Fiction | General Stacks | 409118 | Dhaka University Library | 953 HIA | |||||
| 2016-09-04 | 2016-09-04 | Dhaka University Library | 2016-09-04 | Books | 3 | Purchased | Non Fiction | General Stacks | 409120 | Dhaka University Library | 953 HIA | |||||
| 2016-09-05 | 2016-09-05 | Dhaka University Library | 2016-09-05 | Books | 4 | Purchased | Non Fiction | General Stacks | 409121 | Dhaka University Library | 953 HIA |
